Enchanting a disenchanted world : continuity and change in the cathedrals of consumption / (Record no. 965)

000 -LEADER
fixed length control field 01662cam a2200373 a 4500
001 - CONTROL NUMBER
control field 15846085
003 - CONTROL NUMBER IDENTIFIER
control field OSt
005 - DATE AND TIME OF LATEST TRANSACTION
control field 20140116120842.0
008 - FIXED-LENGTH DATA ELEMENTS--GENERAL INFORMATION
fixed length control field 090731s2010 caub b 001 0 eng
010 ## - LIBRARY OF CONGRESS CONTROL NUMBER
LC control number 2009031759
015 ## - NATIONAL BIBLIOGRAPHY NUMBER
National bibliography number GBA9A4389
Source bnb
016 7# - NATIONAL BIBLIOGRAPHIC AGENCY CONTROL NUMBER
Record control number 015402840
Source Uk
020 ## - INTERNATIONAL STANDARD BOOK NUMBER
International Standard Book Number 9781412975810 (pbk.)
020 ## - INTERNATIONAL STANDARD BOOK NUMBER
International Standard Book Number 1412975816 (pbk.)
035 ## - SYSTEM CONTROL NUMBER
System control number (OCoLC)ocn351322173
040 ## - CATALOGING SOURCE
Original cataloging agency DLC
Transcribing agency DLC
Modifying agency BTCTA
-- YDXCP
-- UKM
-- C#P
-- BWX
-- CDX
-- W2U
-- DLC
043 ## - GEOGRAPHIC AREA CODE
Geographic area code n-us---
050 00 - LIBRARY OF CONGRESS CALL NUMBER
Classification number HC110.C6 R58 2010
082 00 - DEWEY DECIMAL CLASSIFICATION NUMBER
Classification number 339.4/70973
Edition number 22
100 1# - MAIN ENTRY--PERSONAL NAME
Personal name Ritzer, George.
245 10 - TITLE STATEMENT
Title Enchanting a disenchanted world : continuity and change in the cathedrals of consumption /
Statement of responsibility, etc George Ritzer.
250 ## - EDITION STATEMENT
Edition statement 3rd ed.
260 ## - PUBLICATION, DISTRIBUTION, ETC. (IMPRINT)
Place of publication, distribution, etc Los Angeles :
Name of publisher, distributor, etc SAGE,
Date of publication, distribution, etc c2010.
300 ## - PHYSICAL DESCRIPTION
Extent xv, 255 p. :
Other physical details maps ;
Dimensions 23 cm.
504 ## - BIBLIOGRAPHY, ETC. NOTE
Bibliography, etc Includes bibliographical references and index.
505 0# - FORMATTED CONTENTS NOTE
Formatted contents note A tour of the new means of consumption -- The revolution in consumption and the larger society -- Social theory and the new means of consumption -- Rationalization, enchantment, and disenchantment -- Reenchantment : creating spectacle through implosion, time, and space -- Landscapes of consumption -- The cathedrals (and landscapes) of consumption : continuity and change.
650 #0 - SUBJECT ADDED ENTRY--TOPICAL TERM
Topical term or geographic name as entry element Consumption (Economics)
Geographic subdivision United States.
650 #0 - SUBJECT ADDED ENTRY--TOPICAL TERM
Topical term or geographic name as entry element Consumption (Economics)
650 #0 - SUBJECT ADDED ENTRY--TOPICAL TERM
Topical term or geographic name as entry element Marketing
Geographic subdivision United States.
650 #0 - SUBJECT ADDED ENTRY--TOPICAL TERM
Topical term or geographic name as entry element Marketing.
906 ## - LOCAL DATA ELEMENT F, LDF (RLIN)
a 7
b cbc
c orignew
d 1
e ecip
f 20
g y-gencatlg
942 ## - ADDED ENTRY ELEMENTS (KOHA)
Source of classification or shelving scheme
Koha item type Book
Holdings
Withdrawn status Lost status Source of classification or shelving scheme Damaged status Not for loan Home library Current library Date acquired Total Checkouts Full call number Barcode Date last seen Copy number Price effective from Koha item type Date checked out
          Riara University Library Riara University Library 03/07/2012   HC110.C6 R58 2010 3425/12 03/07/2012 C.1 03/07/2012 Book  
          Riara University Library Riara University Library 03/07/2012 1 HC110.C6 R58 2010 3424/12 19/11/2015 C.2 03/07/2012 Book 25/08/2015
          Riara University Library Riara University Library 03/07/2012 2 HC110.C6 R58 2010 3423/12 02/08/2017 C.3 03/07/2012 Book 20/07/2017

Riara University Library,
P.O. Box 49940-00100,
Nairobi, Kenya.